00559nam a2200193Ia 4500003000400000005001700004008004100021020003000062040001700092082002000109100002300129245007900152250001200231260002800243300002200271500001900293650002900312650002400341IIN20250521124521.0250521s2023 xx d 001 0 eng d cRs.1150.00a9789354653407 aIINbEnglish a362.10425 bMAI1 aMaiti, Prithwiraj  2aAn Ultimate Guide to Community Medicine/cPrithwiraj Maiti & Bismoy Mondal a4rth ed aNew DelhibJaypeec2023 axix, 627 p.bill. aIncludes Index1 aCommunity Health Nursing1 aMedicine. Community